[Event "Collado Villalba op-B 35th"]
[Site "Collado Villalba"]
[Date "2018.08.31"]
[Round "8"]
[White "Martinez Martinez, Antonio"]
[Black "Andrade Espinoza, Jhamil"]
[Result "1-0"]
[WhiteElo "1480"]
[BlackElo "1221"]
[PlyCount "143"]
[EventDate "2018.08.24"]
[EventType "swiss"]
[EventRounds "9"]
[EventCountry "ESP"]
[SourceTitle "CBM 186 Extra"]
[Source "ChessBase"]
[SourceDate "2018.08.24"]
[SourceVersion "1"]
[SourceVersionDate "2018.08.24"]
[SourceQuality "1"]

1. e4 e6 2. Nf3 Nc6 3. Nc3 a6 4. d4 d5 5. e5 h6 6. Bd3 Bb4 7. Bd2 Nge7 8. 0-0 0-0 9. Ne2 Ng6 10. c3 Ba5 11. b4 Bb6 12. a4 a5 13. b5 Nce7 14. h3 c6 15. bxc6 bxc6 16. Nh2 Ba7 17. Ng3 Nf5 18. Nh5 c5 19. g4 Nfh4 20. dxc5 Bxc5 21. Qe2 Bb7 22. Rab1 Rb8 23. Rb5 Qc7 24. Rfb1 d4 25. cxd4 Bxd4 26. Rc1 Bc6 27. Bxa5 Qc8 28. Rxb8 Qxb8 29. Rxc6 Qa8 30. Be4 Qxa5 31. Ra6 Qxe5 32. Nf3 Nxf3+ 33. Qxf3 Nh4 34. Qf4 Qxf4 35. Nxf4 Rb8 36. Ne2 Be5 37. f4 Bc7 38. Kf2 f5 39. gxf5 exf5 40. Bd5+ Kf8 41. Kg3 Bd8 42. Nd4 Bf6 43. Ne6+ Ke7 44. Nc5 g5 45. fxg5 hxg5 46. Nb7 Be5+ 47. Kf2 Bd4+ 48. Ke2 Rc8 49. Kd3 Bg1 50. Re6+ Kd7 51. a5 f4 52. Re1 f3 53. Rxg1 f2 54. Rf1 Rf8 55. Ke2 Rf5 56. Be4 Rf4 57. Ke3 Nf5+ 58. Bxf5+ Kc7 59. Be4 Rh4 60. Rxf2 Rxh3+ 61. Rf3 Rxf3+ 62. Kxf3 Kb8 63. Ke3 Ka7 64. Kd4 Ka6 65. Kc5 g4 66. Kc6 Ka7 67. Bd5 g3 68. Kc5 Ka8 69. Kb6 Kb8 70. a6 Ka8 71. Nd6+ Kb8 72. a7# 1-0

[Event "Collado Villalba op-B 35th"]
[Site "Collado Villalba"]
[Date "2018.08.24"]
[Round "1"]
[White "Andrade Espinoza, Jhamil"]
[Black "Mejias Gonzalez, Pedro"]
[Result "0-1"]
[WhiteElo "1221"]
[BlackElo "1593"]
[PlyCount "122"]
[EventDate "2018.08.24"]
[EventType "swiss"]
[EventRounds "9"]
[EventCountry "ESP"]
[SourceTitle "CBM 186 Extra"]
[Source "ChessBase"]
[SourceDate "2018.08.24"]
[SourceVersion "1"]
[SourceVersionDate "2018.08.24"]
[SourceQuality "1"]

1. d4 d5 2. Bf4 Nf6 3. e3 c6 4. Nf3 Bg4 5. h3 Bh5 6. g4 Bg6 7. Ne5 Nbd7 8. Nxg6 hxg6 9. f3 e6 10. Nd2 Nb6 11. c4 dxc4 12. Bxc4 Nxc4 13. Nxc4 Bb4+ 14. Nd2 Bd6 15. Qa4 Bxf4 16. exf4 Nd5 17. 0-0-0 Nxf4 18. Qb3 Qb6 19. h4 Ne2+ 20. Kb1 Nxd4 21. Qxb6 axb6 22. Ne4 0-0-0 23. Ng5 Rd7 24. Rde1 Re8 25. h5 f6 26. Nh7 gxh5 27. Rxh5 Nxf3 28. Rc1 Rd5 29. Rh3 Ng5 30. Nxg5 Rxg5 31. Rh7 Rxg4 32. a3 Rg2 33. Re1 e5 34. Rhh1 e4 35. Rhg1 Rxg1 36. Rxg1 Re7 37. Kc2 f5 38. Kd2 e3+ 39. Ke2 f4 40. Rf1 g5 41. Kf3 Rg7 42. Rg1 Kd7 43. Rd1+ Ke6 44. Ke4 Rd7 45. Re1 c5 46. Re2 Rd4+ 47. Kf3 Kf5 48. Rg2 Rd2 49. Rxd2 exd2 50. Ke2 d1Q+ 51. Kxd1 Ke4 52. Ke2 g4 53. Kf1 Kf3 54. Kg1 g3 55. Kf1 Kg4 56. Kg2 f3+ 57. Kg1 Kf4 58. b3 Ke3 59. a4 Ke2 60. a5 bxa5 61. Kh1 f2 0-1